Statistiche per Riconosci la Squadra di calcio - Quiz n°334

Clicka qui per fare il quiz!

Statistiche generali

  • Questo quiz è stato fatto 8 volte
  • Il punteggio medio è 6 su 9

Statistiche sulle risposte

IndizioRisposta% Corretto
Titoli nazionali1 Third Division
100%
Colori socialiBianco, rosso
86%
Divisione nazionale 2023-2024Seconda
86%
ConfederazioneUEFA
71%
Fondazione1885
57%
Trofei internazionali0
43%
Trofei nazionali1 Coppa d'Inghilterra
43%
Capienza Stadio32 505 posti
43%
SquadraSouthampton
29%

Distribuzione punteggi

Percentile per numero di risposta

Percentuale di utenti per punteggio

I tuoi punteggi nel tempo

Non hai fatto questo quiz